[Event "Deutsche Ländermeisterschaft 2025"]
[Site "Oer-Erkenschwick GER"]
[Date "2025.10.03"]
[Round "4"]
[White "Reich, Elisabeth"]
[Black "Gusev, Daniil"]
[Result "1/2-1/2"]
[Termination "normal"]
[Board "2.5"]
[WhiteElo "1894"]
[BlackElo "1964"]
[WhiteClock "00:33:21"]
[BlackClock "00:27:33"]
[WhiteTeam "Bayern"]
[BlackTeam "Baden"]
[PlyCount "88"]
[WhiteFideId "16239776"]
[BlackFideId "55683886"]
[EventCountry "GER"]
[EventRounds "7"]
[EventType "team-swiss"]
[EventDate "2025.09.30"]

1. Nf3 {[%clk 01:30:57]} {[%emt 00:00:02]} Nf6 {[%clk 01:30:44]} {[%emt
00:00:17]} 2. d3 {[%clk 01:31:23]} {[%emt 00:00:04]} d5 {[%clk 01:30:51]}
{[%emt 00:00:23]} 3. Nbd2 {[%clk 01:31:46]} {[%emt 00:00:06]} Bf5 {[%clk
01:30:14]} {[%emt 00:01:08]} 4. g3 {[%clk 01:31:35]} {[%emt 00:00:42]} c5
{[%clk 01:30:37]} {[%emt 00:00:08]} 5. Bg2 {[%clk 01:31:39]} {[%emt 00:00:24]}
Nc6 {[%clk 01:31:02]} {[%emt 00:00:05]} 6. O-O {[%clk 01:30:56]} {[%emt
00:01:13]} e5 {[%clk 01:28:47]} {[%emt 00:02:46]} 7. Nh4 {[%clk 01:28:39]}
{[%emt 00:02:46]} Be6 {[%clk 01:28:41]} {[%emt 00:00:36]} 8. e4 {[%clk
01:27:29]} {[%emt 00:01:40]} d4 {[%clk 01:26:57]} {[%emt 00:02:14]} 9. a3
{[%clk 01:22:11]} {[%emt 00:05:49]} Be7 {[%clk 01:26:10]} {[%emt 00:01:16]} 10.
Nf5 {[%clk 01:20:28]} {[%emt 00:02:13]} O-O {[%clk 01:24:44]} {[%emt 00:01:56]}
11. Qe2 {[%clk 01:15:58]} {[%emt 00:04:59]} Qd7 {[%clk 01:24:09]} {[%emt
00:01:07]} 12. g4 {[%clk 01:13:51]} {[%emt 00:02:37]} Kh8 {[%clk 01:22:47]}
{[%emt 00:01:51]} 13. f3 {[%clk 01:09:54]} {[%emt 00:04:27]} Bxf5 {[%clk
01:17:44]} {[%emt 00:05:35]} 14. exf5 {[%clk 01:06:57]} {[%emt 00:03:27]} Nd5
{[%clk 01:17:16]} {[%emt 00:00:58]} 15. Ne4 {[%clk 01:00:23]} {[%emt 00:07:03]}
Rac8 {[%clk 01:10:21]} {[%emt 00:07:25]} 16. f4 {[%clk 00:52:19]} {[%emt
00:08:33]} Rfe8 {[%clk 01:03:43]} {[%emt 00:07:10]} 17. Qf3 {[%clk 00:43:06]}
{[%emt 00:09:42]} Nxf4 {[%clk 01:01:30]} {[%emt 00:02:44]} 18. Bxf4 {[%clk
00:43:20]} {[%emt 00:00:16]} exf4 {[%clk 01:01:57]} {[%emt 00:00:03]} 19. Qxf4
{[%clk 00:43:28]} {[%emt 00:00:22]} f6 {[%clk 01:02:07]} {[%emt 00:00:21]} 20.
Rf3 {[%clk 00:37:56]} {[%emt 00:05:59]} Qc7 {[%clk 00:49:25]} {[%emt 00:13:15]}
21. b3 {[%clk 00:27:40]} {[%emt 00:10:46]} b5 {[%clk 00:44:30]} {[%emt
00:05:25]} 22. Qd2 {[%clk 00:27:11]} {[%emt 00:00:59]} Ne5 {[%clk 00:44:45]}
{[%emt 00:00:16]} 23. Rg3 {[%clk 00:27:04]} {[%emt 00:00:36]} Nf7 {[%clk
00:29:33]} {[%emt 00:15:43]} 24. h4 {[%clk 00:18:46]} {[%emt 00:08:47]} Bd6
{[%clk 00:29:10]} {[%emt 00:00:53]} 25. Nxd6 {[%clk 00:17:46]} {[%emt
00:01:30]} Qxd6 {[%clk 00:29:35]} {[%emt 00:00:05]} 26. Qf2 {[%clk 00:16:33]}
{[%emt 00:01:40]} Re5 {[%clk 00:27:18]} {[%emt 00:02:50]} 27. Re1 {[%clk
00:14:36]} {[%emt 00:02:27]} c4 {[%clk 00:25:56]} {[%emt 00:01:53]} 28. bxc4
{[%clk 00:13:18]} {[%emt 00:01:47]} bxc4 {[%clk 00:26:21]} {[%emt 00:00:05]}
29. dxc4 {[%clk 00:13:09]} {[%emt 00:00:39]} Rxc4 {[%clk 00:25:16]} {[%emt
00:01:35]} 30. Rxe5 {[%clk 00:12:17]} {[%emt 00:01:22]} Nxe5 {[%clk 00:24:45]}
{[%emt 00:01:01]} 31. g5 {[%clk 00:10:04]} {[%emt 00:02:42]} Rc7 {[%clk
00:13:12]} {[%emt 00:12:03]} 32. Rb3 {[%clk 00:09:54]} {[%emt 00:00:40]} Rc8
{[%clk 00:12:47]} {[%emt 00:00:56]} 33. g6 {[%clk 00:06:59]} {[%emt 00:03:25]}
Ng4 {[%clk 00:10:15]} {[%emt 00:03:02]} 34. Qg3 {[%clk 00:03:41]} {[%emt
00:03:47]} Qxg3 {[%clk 00:09:45]} {[%emt 00:01:02]} 35. Rxg3 {[%clk 00:04:09]}
{[%emt 00:00:02]} Ne3 {[%clk 00:10:04]} {[%emt 00:00:11]} 36. Be4 {[%clk
00:04:30]} {[%emt 00:00:09]} Rc5 {[%clk 00:09:03]} {[%emt 00:01:32]} 37. Rf3
{[%clk 00:04:24]} {[%emt 00:00:34]} a5 {[%clk 00:03:28]} {[%emt 00:06:06]} 38.
Rf4 {[%clk 00:03:36]} {[%emt 00:01:13]} hxg6 {[%clk 00:01:05]} {[%emt
00:02:58]} 39. fxg6 {[%clk 00:03:53]} {[%emt 00:00:12]} f5 {[%clk 00:01:00]}
{[%emt 00:00:36]} 40. Bd3 {[%clk 00:03:55]} {[%emt 00:00:28]} Rd5 {[%clk
00:00:42]} {[%emt 00:00:49]} 41. Rf3 {[%clk 00:03:49]} {[%emt 00:00:34]} Rc5
{[%clk 00:00:41]} {[%emt 00:00:33]} 42. Rf4 {[%clk 00:03:34]} {[%emt 00:00:42]}
Rd5 {[%clk 00:28:38]} {[%emt 00:02:35]} 43. Rf3 {[%clk 00:33:35]} {[%emt
00:00:28]} Rc5 {[%clk 00:27:36]} {[%emt 00:01:33]} 44. Rf4 {[%clk 00:33:21]}
{[%emt 00:00:44]} Rd5 {[%clk 00:27:33]} {[%emt 00:00:33]} 1/2-1/2

[Event "Deutsche Ländermeisterschaft 2025"]
[Site "Oer-Erkenschwick GER"]
[Date "2025.10.03"]
[Round "4"]
[White "Färber, Anna"]
[Black "Ranganathan, Aadith"]
[Result "0-1"]
[Termination "normal"]
[Board "2.6"]
[WhiteElo "1780"]
[BlackElo "1923"]
[WhiteClock "00:10:25"]
[BlackClock "00:41:12"]
[WhiteTeam "Baden"]
[BlackTeam "Bayern"]
[PlyCount "158"]
[WhiteFideId "34633480"]
[BlackFideId "34667121"]
[EventCountry "GER"]
[EventRounds "7"]
[EventType "team-swiss"]
[EventDate "2025.09.30"]

1. e4 {[%clk 01:30:59]} c6 {[%clk 01:30:48]} {[%emt 00:00:12]} 2. d4 {[%clk
01:31:25]} {[%emt 00:00:03]} d5 {[%clk 01:31:12]} {[%emt 00:00:06]} 3. exd5
{[%clk 01:31:51]} {[%emt 00:00:04]} cxd5 {[%clk 01:31:36]} {[%emt 00:00:07]} 4.
c4 {[%clk 01:32:17]} {[%emt 00:00:04]} Nf6 {[%clk 01:31:56]} {[%emt 00:00:10]}
5. Nc3 {[%clk 01:32:38]} {[%emt 00:00:08]} g6 {[%clk 01:32:21]} {[%emt
00:00:06]} 6. Nf3 {[%clk 01:32:01]} {[%emt 00:01:07]} Bg7 {[%clk 01:32:37]}
{[%emt 00:00:15]} 7. Bf4 {[%clk 01:25:46]} {[%emt 00:06:44]} a6 {[%clk
01:28:25]} {[%emt 00:04:42]} 8. c5 {[%clk 01:20:35]} {[%emt 00:05:41]} Bg4
{[%clk 01:27:00]} {[%emt 00:01:55]} 9. Be2 {[%clk 01:16:40]} {[%emt 00:04:25]}
O-O {[%clk 01:24:33]} {[%emt 00:02:57]} 10. h3 {[%clk 01:14:13]} {[%emt
00:02:57]} Bxf3 {[%clk 01:15:49]} {[%emt 00:09:14]} 11. Bxf3 {[%clk 01:14:33]}
{[%emt 00:00:10]} Nc6 {[%clk 01:15:10]} {[%emt 00:01:09]} 12. O-O {[%clk
01:13:05]} {[%emt 00:01:58]} Ne4 {[%clk 01:08:58]} {[%emt 00:06:41]} 13. Nxe4
{[%clk 00:55:50]} {[%emt 00:17:46]} dxe4 {[%clk 01:09:20]} {[%emt 00:00:09]}
14. Bxe4 {[%clk 00:56:10]} {[%emt 00:00:10]} Qxd4 {[%clk 01:09:25]} {[%emt
00:00:24]} 15. Qxd4 {[%clk 00:55:46]} {[%emt 00:00:54]} Bxd4 {[%clk 01:09:24]}
{[%emt 00:00:31]} 16. Rac1 {[%clk 00:51:28]} {[%emt 00:04:48]} e5 {[%clk
01:07:33]} {[%emt 00:02:22]} 17. Bd2 {[%clk 00:48:02]} {[%emt 00:03:55]} Rad8
{[%clk 01:07:01]} {[%emt 00:01:02]} 18. Bc3 {[%clk 00:46:19]} {[%emt 00:02:13]}
f5 {[%clk 01:06:15]} {[%emt 00:01:17]} 19. Bxc6 {[%clk 00:37:03]} {[%emt
00:09:46]} bxc6 {[%clk 01:05:50]} {[%emt 00:00:54]} 20. Bxd4 {[%clk 00:37:30]}
{[%emt 00:00:03]} Rxd4 {[%clk 01:04:32]} {[%emt 00:01:48]} 21. Rfd1 {[%clk
00:35:43]} {[%emt 00:02:17]} Rfd8 {[%clk 01:04:41]} {[%emt 00:00:21]} 22. Rxd4
{[%clk 00:35:41]} {[%emt 00:00:32]} Rxd4 {[%clk 01:03:41]} {[%emt 00:01:30]}
23. Rc3 {[%clk 00:30:32]} {[%emt 00:05:39]} Rd1+ {[%clk 00:39:47]} {[%emt
00:24:24]} 24. Kh2 {[%clk 00:30:56]} {[%emt 00:00:05]} Rd2 {[%clk 00:40:12]}
{[%emt 00:00:05]} 25. Ra3 {[%clk 00:30:16]} {[%emt 00:01:10]} Rxb2 {[%clk
00:38:27]} {[%emt 00:02:17]} 26. Rxa6 {[%clk 00:30:36]} {[%emt 00:00:10]} Rxf2
{[%clk 00:38:50]} {[%emt 00:00:06]} 27. a4 {[%clk 00:28:39]} {[%emt 00:02:26]}
Ra2 {[%clk 00:38:23]} {[%emt 00:00:58]} 28. Kg3 {[%clk 00:26:04]} {[%emt
00:03:05]} Kf7 {[%clk 00:37:17]} {[%emt 00:01:36]} 29. a5 {[%clk 00:23:56]}
{[%emt 00:02:37]} Ke6 {[%clk 00:36:25]} {[%emt 00:01:22]} 30. Rxc6+ {[%clk
00:19:55]} {[%emt 00:04:31]} Kd5 {[%clk 00:36:43]} {[%emt 00:00:12]} 31. Ra6
{[%clk 00:18:27]} {[%emt 00:01:58]} Kxc5 {[%clk 00:37:07]} {[%emt 00:00:06]}
32. Ra7 {[%clk 00:18:35]} {[%emt 00:00:22]} Kd4 {[%clk 00:37:02]} {[%emt
00:00:35]} 33. Rxh7 {[%clk 00:14:41]} {[%emt 00:04:24]} Rxa5 {[%clk 00:37:09]}
{[%emt 00:00:23]} 34. Rb7 {[%clk 00:12:13]} {[%emt 00:02:57]} Ra6 {[%clk
00:31:49]} {[%emt 00:05:51]} 35. Rb4+ {[%clk 00:11:28]} {[%emt 00:01:15]} Kd3
{[%clk 00:30:54]} {[%emt 00:01:25]} 36. Rb3+ {[%clk 00:11:21]} {[%emt
00:00:37]} Kc2 {[%clk 00:31:13]} {[%emt 00:00:11]} 37. Rb5 {[%clk 00:11:16]}
{[%emt 00:00:34]} Re6 {[%clk 00:31:36]} {[%emt 00:00:08]} 38. Rd5 {[%clk
00:10:59]} {[%emt 00:00:47]} Kc3 {[%clk 00:31:16]} {[%emt 00:00:50]} 39. Kf3
{[%clk 00:08:39]} {[%emt 00:02:48]} Kc4 {[%clk 00:29:05]} {[%emt 00:02:43]} 40.
Ra5 {[%clk 00:08:18]} {[%emt 00:00:51]} e4+ {[%clk 00:27:31]} {[%emt 00:02:04]}
41. Ke3 {[%clk 00:07:54]} {[%emt 00:00:53]} Kb4 {[%clk 00:23:25]} {[%emt
00:04:37]} 42. Rd5 {[%clk 00:06:35]} {[%emt 00:01:49]} Kc4 {[%clk 00:22:12]}
{[%emt 00:01:44]} 43. Ra5 {[%clk 00:06:58]} {[%emt 00:00:06]} Kc3 {[%clk
00:22:40]} {[%emt 00:00:02]} 44. Rc5+ {[%clk 00:04:41]} {[%emt 00:02:47]} Kb3
{[%clk 00:22:32]} {[%emt 00:00:38]} 45. h4 {[%clk 00:02:51]} {[%emt 00:02:20]}
Kb4 {[%clk 00:18:02]} {[%emt 00:05:00]} 46. Rd5 {[%clk 00:03:12]} {[%emt
00:00:08]} Kc4 {[%clk 00:17:52]} {[%emt 00:00:40]} 47. Ra5 {[%clk 00:03:35]}
{[%emt 00:00:07]} f4+ {[%clk 00:17:19]} {[%emt 00:01:04]} 48. Ke2 {[%clk
00:01:33]} {[%emt 00:02:31]} Rb6 {[%clk 00:16:52]} {[%emt 00:00:57]} 49. Ra4+
{[%clk 00:30:12]} {[%emt 00:01:50]} Rb4 {[%clk 00:46:49]} {[%emt 00:00:34]} 50.
Ra6 {[%clk 00:28:55]} {[%emt 00:01:46]} Rb2+ {[%clk 00:46:59]} {[%emt
00:00:20]} 51. Kf1 {[%clk 00:29:17]} {[%emt 00:00:08]} Kd3 {[%clk 00:45:54]}
{[%emt 00:01:36]} 52. Ra1 {[%clk 00:28:22]} {[%emt 00:01:24]} Rc2 {[%clk
00:44:54]} {[%emt 00:01:31]} 53. Rd1+ {[%clk 00:27:11]} {[%emt 00:01:40]} Rd2
{[%clk 00:45:02]} {[%emt 00:00:22]} 54. Ra1 {[%clk 00:27:15]} {[%emt 00:00:27]}
e3 {[%clk 00:41:37]} {[%emt 00:03:56]} 55. Ra3+ {[%clk 00:26:46]} {[%emt
00:00:58]} Ke4 {[%clk 00:41:38]} {[%emt 00:00:29]} 56. Ra5 {[%clk 00:25:25]}
{[%emt 00:01:50]} Rc2 {[%clk 00:41:34]} {[%emt 00:00:35]} 57. h5 {[%clk
00:24:02]} {[%emt 00:01:53]} gxh5 {[%clk 00:41:41]} {[%emt 00:00:24]} 58. Rxh5
{[%clk 00:24:27]} {[%emt 00:00:05]} Kd3 {[%clk 00:42:04]} {[%emt 00:00:06]} 59.
Rd5+ {[%clk 00:23:59]} {[%emt 00:00:58]} Kc3 {[%clk 00:42:25]} {[%emt
00:00:10]} 60. Rd8 {[%clk 00:20:10]} {[%emt 00:04:18]} Rd2 {[%clk 00:42:26]}
{[%emt 00:00:30]} 61. Rc8+ {[%clk 00:20:20]} {[%emt 00:00:20]} Kd3 {[%clk
00:42:51]} {[%emt 00:00:05]} 62. Rd8+ {[%clk 00:19:47]} {[%emt 00:01:02]} Kc2
{[%clk 00:43:13]} {[%emt 00:00:07]} 63. Ra8 {[%clk 00:19:23]} {[%emt 00:00:53]}
Kb2 {[%clk 00:39:43]} {[%emt 00:04:01]} 64. Ra4 {[%clk 00:17:17]} {[%emt
00:02:35]} Kc2 {[%clk 00:39:12]} {[%emt 00:01:02]} 65. Ra8 {[%clk 00:17:23]}
{[%emt 00:00:24]} Rf2+ {[%clk 00:38:53]} {[%emt 00:00:50]} 66. Kg1 {[%clk
00:17:15]} {[%emt 00:00:36]} Kc1 {[%clk 00:38:03]} {[%emt 00:01:22]} 67. Ra1+
{[%clk 00:16:20]} {[%emt 00:01:25]} Kb2 {[%clk 00:38:24]} {[%emt 00:00:09]} 68.
Ra8 {[%clk 00:16:45]} {[%emt 00:00:05]} Kb1 {[%clk 00:38:48]} {[%emt 00:00:06]}
69. Ra7 {[%clk 00:16:19]} {[%emt 00:00:57]} Rb2 {[%clk 00:38:59]} {[%emt
00:00:18]} 70. Kf1 {[%clk 00:16:01]} {[%emt 00:00:48]} Kc1 {[%clk 00:39:20]}
{[%emt 00:00:09]} 71. Ra1+ {[%clk 00:12:33]} {[%emt 00:03:58]} Kd2 {[%clk
00:39:16]} {[%emt 00:00:34]} 72. Kg1 {[%clk 00:10:56]} {[%emt 00:02:08]} Rc2
{[%clk 00:38:45]} {[%emt 00:01:01]} 73. Ra7 {[%clk 00:09:10]} {[%emt 00:02:16]}
Rc1+ {[%clk 00:38:59]} {[%emt 00:00:16]} 74. Kh2 {[%clk 00:09:36]} {[%emt
00:00:04]} e2 {[%clk 00:39:11]} {[%emt 00:00:18]} 75. Rd7+ {[%clk 00:09:41]}
{[%emt 00:00:25]} Kc2 {[%clk 00:39:34]} {[%emt 00:00:07]} 76. Rc7+ {[%clk
00:09:52]} {[%emt 00:00:19]} Kb2 {[%clk 00:39:59]} {[%emt 00:00:05]} 77. Rb7+
{[%clk 00:10:06]} {[%emt 00:00:15]} Ka3 {[%clk 00:40:22]} {[%emt 00:00:07]} 78.
Ra7+ {[%clk 00:10:23]} {[%emt 00:00:13]} Kb4 {[%clk 00:40:47]} {[%emt
00:00:06]} 79. Rb7+ {[%clk 00:10:25]} {[%emt 00:00:28]} Ka5 {[%clk 00:41:12]}
{[%emt 00:00:05]} 0-1

[Event "Deutsche Ländermeisterschaft 2025"]
[Site "Oer-Erkenschwick GER"]
[Date "2025.10.03"]
[Round "4"]
[White "Prokscha, Charlotte"]
[Black "Wettstein, Levin"]
[Result "1/2-1/2"]
[Termination "normal"]
[Board "2.7"]
[WhiteElo "1767"]
[BlackElo "1831"]
[WhiteClock "00:03:18"]
[BlackClock "00:20:49"]
[WhiteTeam "Bayern"]
[BlackTeam "Baden"]
[PlyCount "116"]
[WhiteFideId "34614699"]
[BlackFideId "34635866"]
[EventCountry "GER"]
[EventRounds "7"]
[EventType "team-swiss"]
[EventDate "2025.09.30"]

1. d4 {[%clk 01:30:58]} {[%emt 00:00:01]} Nf6 {[%clk 01:30:54]} {[%emt
00:00:06]} 2. c4 {[%clk 01:31:23]} {[%emt 00:00:06]} e6 {[%clk 01:31:20]}
{[%emt 00:00:04]} 3. Nc3 {[%clk 01:31:35]} {[%emt 00:00:17]} d5 {[%clk
01:31:34]} {[%emt 00:00:17]} 4. Bf4 {[%clk 01:31:35]} {[%emt 00:00:29]} Bd6
{[%clk 01:29:38]} {[%emt 00:02:26]} 5. Bg3 {[%clk 01:31:50]} {[%emt 00:00:14]}
c5 {[%clk 01:26:48]} {[%emt 00:03:20]} 6. dxc5 {[%clk 01:27:39]} {[%emt
00:04:42]} Bxc5 {[%clk 01:26:05]} {[%emt 00:01:13]} 7. e3 {[%clk 01:25:01]}
{[%emt 00:03:08]} O-O {[%clk 01:21:54]} {[%emt 00:04:41]} 8. Nf3 {[%clk
01:24:32]} {[%emt 00:00:58]} Bb4 {[%clk 01:17:48]} {[%emt 00:04:37]} 9. Qb3
{[%clk 01:19:58]} {[%emt 00:05:04]} Nc6 {[%clk 01:13:42]} {[%emt 00:04:36]} 10.
Bh4 {[%clk 01:10:31]} {[%emt 00:09:57]} Be7 {[%clk 01:09:34]} {[%emt 00:04:38]}
11. cxd5 {[%clk 01:05:17]} {[%emt 00:05:44]} Nxd5 {[%clk 01:05:51]} {[%emt
00:04:13]} 12. Bxe7 {[%clk 01:05:06]} {[%emt 00:00:41]} Qxe7 {[%clk 01:05:14]}
{[%emt 00:01:07]} 13. Be2 {[%clk 01:00:03]} {[%emt 00:05:33]} Nxc3 {[%clk
01:01:24]} {[%emt 00:04:21]} 14. Qxc3 {[%clk 01:00:00]} {[%emt 00:00:31]} Nb4
{[%clk 01:00:10]} {[%emt 00:01:44]} 15. O-O {[%clk 00:57:37]} {[%emt 00:02:53]}
Nd5 {[%clk 00:58:56]} {[%emt 00:01:44]} 16. Qb3 {[%clk 00:53:58]} {[%emt
00:04:07]} b6 {[%clk 00:55:41]} {[%emt 00:03:47]} 17. Rfd1 {[%clk 00:52:29]}
{[%emt 00:01:57]} Bb7 {[%clk 00:53:28]} {[%emt 00:02:44]} 18. Rac1 {[%clk
00:51:05]} {[%emt 00:01:54]} Rac8 {[%clk 00:48:29]} {[%emt 00:05:29]} 19. a3
{[%clk 00:48:51]} {[%emt 00:02:44]} Rfd8 {[%clk 00:42:09]} {[%emt 00:06:50]}
20. Qa4 {[%clk 00:45:38]} {[%emt 00:03:41]} Rxc1 {[%clk 00:39:14]} {[%emt
00:03:27]} 21. Rxc1 {[%clk 00:45:54]} {[%emt 00:00:14]} Qf6 {[%clk 00:34:57]}
{[%emt 00:04:47]} 22. Nd4 {[%clk 00:42:03]} {[%emt 00:04:19]} a5 {[%clk
00:24:05]} {[%emt 00:11:24]} 23. Qb5 {[%clk 00:35:24]} {[%emt 00:07:07]} Nf4
{[%clk 00:18:50]} {[%emt 00:05:47]} 24. Bf3 {[%clk 00:25:19]} {[%emt 00:10:34]}
Bxf3 {[%clk 00:16:56]} {[%emt 00:02:25]} 25. Nxf3 {[%clk 00:25:09]} {[%emt
00:00:40]} Nd3 {[%clk 00:15:58]} {[%emt 00:01:29]} 26. Rb1 {[%clk 00:14:10]}
{[%emt 00:11:26]} Nxb2 {[%clk 00:11:10]} {[%emt 00:05:21]} 27. Qxb6 {[%clk
00:11:01]} {[%emt 00:03:38]} Nc4 {[%clk 00:10:24]} {[%emt 00:01:15]} 28. Qb3
{[%clk 00:10:11]} {[%emt 00:01:11]} Qf5 {[%clk 00:07:34]} {[%emt 00:03:31]} 29.
Rc1 {[%clk 00:06:11]} {[%emt 00:04:28]} Ne5 {[%clk 00:06:54]} {[%emt 00:01:11]}
30. Nxe5 {[%clk 00:04:29]} {[%emt 00:02:13]} Qxe5 {[%clk 00:07:17]} {[%emt
00:00:07]} 31. Qb6 {[%clk 00:04:07]} {[%emt 00:00:48]} Qd5 {[%clk 00:06:01]}
{[%emt 00:01:49]} 32. h3 {[%clk 00:03:56]} {[%emt 00:00:42]} Qd2 {[%clk
00:04:48]} {[%emt 00:01:43]} 33. Rc5 {[%clk 00:03:05]} {[%emt 00:01:21]} h6
{[%clk 00:04:11]} {[%emt 00:01:08]} 34. Qxa5 {[%clk 00:02:37]} {[%emt
00:00:57]} Qd1+ {[%clk 00:03:49]} {[%emt 00:00:52]} 35. Kh2 {[%clk 00:03:01]}
{[%emt 00:00:06]} Qd6+ {[%clk 00:03:47]} {[%emt 00:00:32]} 36. g3 {[%clk
00:02:52]} {[%emt 00:00:39]} Qd1 {[%clk 00:03:01]} {[%emt 00:01:16]} 37. Rc4
{[%clk 00:01:35]} {[%emt 00:01:45]} Rd2 {[%clk 00:01:59]} {[%emt 00:01:34]} 38.
Qa8+ {[%clk 00:01:19]} {[%emt 00:00:44]} Kh7 {[%clk 00:02:22]} {[%emt
00:00:09]} 39. Qe4+ {[%clk 00:01:18]} {[%emt 00:00:24]} f5 {[%clk 00:02:03]}
{[%emt 00:00:56]} 40. Qg2 {[%clk 00:01:00]} {[%emt 00:00:47]} Qe1 {[%clk
00:01:20]} {[%emt 00:01:14]} 41. Rf4 {[%clk 00:30:09]} {[%emt 00:01:20]} g5
{[%clk 00:30:00]} {[%emt 00:01:51]} 42. Rf3 {[%clk 00:29:38]} {[%emt 00:01:00]}
h5 {[%clk 00:28:19]} {[%emt 00:02:12]} 43. g4 {[%clk 00:20:04]} {[%emt
00:10:03]} hxg4 {[%clk 00:26:56]} {[%emt 00:01:54]} 44. hxg4 {[%clk 00:20:19]}
{[%emt 00:00:15]} fxg4 {[%clk 00:27:08]} {[%emt 00:00:18]} 45. Qxg4 {[%clk
00:18:41]} {[%emt 00:02:07]} Rxf2+ {[%clk 00:27:03]} {[%emt 00:00:36]} 46. Rxf2
{[%clk 00:18:59]} {[%emt 00:00:12]} Qxf2+ {[%clk 00:27:25]} {[%emt 00:00:08]}
47. Qg2 {[%clk 00:19:06]} {[%emt 00:00:19]} Qf8 {[%clk 00:26:10]} {[%emt
00:01:49]} 48. Qe4+ {[%clk 00:15:32]} {[%emt 00:04:04]} Kg7 {[%clk 00:25:40]}
{[%emt 00:01:00]} 49. Qd4+ {[%clk 00:11:02]} {[%emt 00:05:01]} Kh6 {[%clk
00:25:24]} {[%emt 00:00:45]} 50. Qb2 {[%clk 00:07:47]} {[%emt 00:03:44]} Qd6+
{[%clk 00:24:48]} {[%emt 00:01:06]} 51. Kh3 {[%clk 00:07:12]} {[%emt 00:01:02]}
Qf8 {[%clk 00:22:30]} {[%emt 00:02:51]} 52. Kg3 {[%clk 00:06:57]} {[%emt
00:00:39]} Qd6+ {[%clk 00:22:17]} {[%emt 00:00:48]} 53. Kg4 {[%clk 00:06:48]}
{[%emt 00:00:40]} Qd1+ {[%clk 00:22:36]} {[%emt 00:00:12]} 54. Kg3 {[%clk
00:05:16]} {[%emt 00:01:58]} Qg1+ {[%clk 00:22:39]} {[%emt 00:00:31]} 55. Kf3
{[%clk 00:04:25]} {[%emt 00:01:19]} Qf1+ {[%clk 00:21:00]} {[%emt 00:02:11]}
56. Kg3 {[%clk 00:03:06]} {[%emt 00:01:47]} Qg1+ {[%clk 00:20:44]} {[%emt
00:00:49]} 57. Kf3 {[%clk 00:03:08]} {[%emt 00:00:28]} Qf1+ {[%clk 00:20:42]}
{[%emt 00:00:31]} 58. Kg3 {[%clk 00:03:18]} {[%emt 00:00:20]} Qg1+ {[%clk
00:20:49]} {[%emt 00:00:23]} 1/2-1/2